The odyssey / (Record no. 9623)

MARC details
000 -LEADER
fixed length control field 00949nam a22002897a 4500
001 - CONTROL NUMBER
control field 9623
003 - CONTROL NUMBER IDENTIFIER
control field FISKH
005 - DATE AND TIME OF LATEST TRANSACTION
control field 20260126124203.0
008 - FIXED-LENGTH DATA ELEMENTS--GENERAL INFORMATION
fixed length control field 260126b cb ||||| |||| 00| 0 eng d
020 ## - INTERNATIONAL STANDARD BOOK NUMBER
International Standard Book Number 9780140449112
040 ## - CATALOGING SOURCE
Original cataloging agency FISKH
Language of cataloging eng
Transcribing agency FISKH
Modifying agency FISKH
050 ## - LIBRARY OF CONGRESS CALL NUMBER
Classification number PA4025 .A5 .E6
082 ## - DEWEY DECIMAL CLASSIFICATION NUMBER
Classification number 883.01
100 ## - MAIN ENTRY--PERSONAL NAME
Personal name Homer
245 ## - TITLE STATEMENT
Title The odyssey /
Statement of responsibility, etc. By Homer : Translated by E.V. Rieu , Revised translation by D.C.H. Rieu , Introduction by Peter Jones
260 ## - PUBLICATION, DISTRIBUTION, ETC.
Place of publication, distribution, etc. London :
Name of publisher, distributor, etc. Penguin Books ,
Date of publication, distribution, etc. 1946 .
300 ## - PHYSICAL DESCRIPTION
Extent 348 pages :
Other physical details illustrations ;
Dimensions 20 cm .
505 ## - FORMATTED CONTENTS NOTE
Formatted contents note V <br/>
520 ## - SUMMARY, ETC.
Summary, etc. A Greek epic tells of the adventures of the hero Odysseus during his perilous and protracted journey home from the Trojan War.
521 8# - TARGET AUDIENCE NOTE
Target audience note 830 <br/>
Source Lexile <br/>
521 8# - TARGET AUDIENCE NOTE
Target audience note V <br/>
Source Raz-Plus <br/>
650 ## - SUBJECT ADDED ENTRY--TOPICAL TERM
Topical term or geographic name entry element Mythology
Form subdivision Fiction
650 ## - SUBJECT ADDED ENTRY--TOPICAL TERM
Topical term or geographic name entry element Poetry
Form subdivision Fiction
700 ## - ADDED ENTRY--PERSONAL NAME
Personal name Rieu , E.V.
Relator term Translator
942 ## - ADDED ENTRY ELEMENTS (KOHA)
Source of classification or shelving scheme Dewey Decimal Classification
Koha item type Books
Suppress in OPAC No
Holdings
Withdrawn status Lost status Source of classification or shelving scheme Damaged status Not for loan Collection Home library Current library Shelving location Date acquired Total Checkouts Full call number Barcode Date last seen Price effective from Koha item type
    Dewey Decimal Classification     Fiction Footprints International School Library Network Toul Tom Poung Campus Footprints International School Library Network Toul Tom Poung Campus TTP Secondary Fiction Bookshelves 01/26/2026   HOM 883.01 PA4025 .A5 .E6 2026-0139 01/26/2026 01/26/2026 Books